| 000 | 01483nam a2200301 a 4500 | ||
|---|---|---|---|
| 001 | BRCA_5131 | ||
| 005 | 20190320204942.0 | ||
| 008 | 191110s1846----mx-######v---#000-0#spa-# | ||
| 041 | _aspa | ||
| 044 | _amx | ||
| 084 |
_aDOC104 _b.V35 _c1846 |
||
| 100 | 1 |
_aValdivielso, Ignacio _d1805-1861 _913099 |
|
| 245 | 1 | 0 |
_aDocumento firmado por Ignacio Valdivielso _cIgnacio Valdivielso, Eduardo Goroztiza. |
| 260 |
_aMéxico _c1846 |
||
| 300 |
_a[3] fojas _c32 x 22 cm |
||
| 500 | _aDocumento firmado el 1 de diciembre de 1846 | ||
| 500 | _aIgnacio Valdivielso escribe a Eduardo Goroztiza encargado de Negocios Interiores de la República Mexicana acerca de S.M.C. comunicándole haber recibido oficio del ministerio de Relaciones Exteriores, ordenándole sea formal entrega de la Legación de su cargo | ||
| 500 | _aEl documento contiene la leyenda DOC. #268 | ||
| 500 | _aAl margen: LEGACIÓN MEJICANA CERCA DE S.M. CATÓLICA | ||
| 500 | _aEstado de conservación: contiene manchas de acidificación en la última foja | ||
| 506 | 0 | _aFondo reservado: para su consulta es necesario credencial de usuario y carta de motivos | |
| 546 | _aTexto en: español de mediados del siglo XIX | ||
| 600 | 1 | 4 |
_aValdivielso, Ignacio _d1805-1861 _913099 |
| 650 | 1 | 4 |
_aRelaciones internacionales _vManuscrito _xHistoria _yFederalismo y centralismo, 1824-1853 _zMéxico _913100 |
| 700 | 1 |
_aGoroztiza y Cepeda, Manuel María del Pilar Eduardo _d1789-1851 _913101 |
|
| 902 | _aFDH | ||
| 942 |
_2lcc _cD |
||
| 999 |
_c4825 _d4825 |
||